Cincuentenario de la Biblioteca Popular de Canet de Mar
Publicado:
San Jorge, núm. 79 - 80 (3r i 4rt trimestre 1970), pàg 118 :
MARC
| LEADER | 00000nam a2200000Ia 4500 | ||
|---|---|---|---|
| 008 | 160829s9999 xx 000 0 cat d | ||
| 245 | |a Cincuentenario de la Biblioteca Popular de Canet de Mar | ||
| 260 | |a San Jorge, núm. 79 - 80 (3r i 4rt trimestre 1970), pàg 118 | ||
| 610 | 2 | 0 | |a Biblioteca P. Gual i Pujadas |z Canet de Mar (Catalunya) |9 54870 |
| 610 | 2 | 0 | |a Biblioteca P. Gual i Pujadas |x Aniversaris, etc. |9 54868 |
| 650 | |a Muller i d'Abadal, Josep M. | ||
| 901 | |a Arxiu | ||
| 942 | |n 1 |2 udc | ||
| 952 | |0 0 |1 0 |4 0 |7 1 |9 52036 |a Arxiu |b Arxiu |d 2016-12-01 |l 0 |r 2016-12-01 00:00:00 |w 2016-12-01 |y ARXIU | ||
| 999 | |c 55884 |d 55884 | ||